000 00507nmm a2200169Ia 4500
008 251105s9999||||xx |||||||||||||||||und||
020 _a9789566029281
041 _aspa
100 _aMartínez Urrutia, Reinaldo
245 0 _aLlueve desde el sábado
264 _a[Santiago de Chile, Chile] :
_bEditorial Segismundo,
_c2019
300 _a80 páginas
490 _aNovelistos al Sur del Mundo
650 _aThriller & Suspense
856 _uhttps://public.digitaliapublishing.com/a/63467
942 _cCF
999 _c94712
_d94712